|
|
|
|
| LEADER |
00697cam a2200229 7i4500 |
| 001 |
0000035229 |
| 005 |
20180924090000.0 |
| 007 |
##ta |
| 008 |
180924s2009 my e 0 f may |
| 020 |
# |
# |
|a 9789675234286
|
| 040 |
# |
# |
|a MATR
|
| 090 |
0 |
0 |
|a B 899.2333
|b SIT (LRM)
|
| 100 |
0 |
# |
|a Siti Rosmizah,
|d 1972-
|e author
|
| 245 |
1 |
0 |
|a CINTA kau dan aku
|c Siti Rosmizah.
|
| 264 |
# |
1 |
|a Shah Alam:
|b Buku Prima,
|c 2009.
|
| 300 |
# |
# |
|a 684 pages;
|c 19 cm.
|
| 336 |
# |
# |
|a text
|2 rdacontent
|
| 337 |
# |
# |
|a unmediated
|2 rdamedia
|
| 338 |
# |
# |
|a volume
|2 rdacarrier
|
| 650 |
# |
0 |
|a Malay fiction
|
| 999 |
|
|
|a 0000040229
|b Book
|c Book
|e Business Information Centre
|
| 999 |
|
|
|a 0000040221
|b Book
|c Book
|e Business Information Centre
|